2026 World Cup - Argentina Squad - Statistics

General Stats
  • This quiz has been taken 5 times
  • The average score is 16 of 26
Answer Stats
Hint Club Pos Answer % Correct
Liverpool Liverpool_FC.svg MF Alexis Mac Allister
100%
Tottenham Tottenham_Hotspur.svg DF Cristian Romero
100%
Aston Villa Aston_Villa_FC_new_crest.svg GK Emiliano Martinez
100%
Chelsea Chelsea_FC.svg MF Enzo Fernandez
100%
Atletico Madrid Atletico_Madrid_Logo_2024.svg FW Julian Alvarez
100%
Inter Milan FC_Internazionale_Milano_2021.svg FW Lautaro Martinez
100%
Inter Miami Inter_Miami_CF_logo.svg FW Lionel Messi
100%
Manchester United Manchester_United_FC_crest.svg DF Lisandro Martinez
100%
Benfica SL_Benfica_logo.svg DF Nicolas Otamendi
100%
Bayer Leverkusen Bayer_04_Leverkusen_logo.svg MF Exequiel Palacios
80%
Atletico Madrid Atletico_Madrid_Logo_2024.svg FW Giuliano Simeone
80%
Inter Miami Inter_Miami_CF_logo.svg MF Rodrigo De Paul
80%
Marseille Olympique_Marseille_logo.svg GK Geronimo Rulli
60%
Atletico Madrid Atletico_Madrid_Logo_2024.svg DF Nahuel Molina
60%
Lyon Olympique_Lyonnais_logo.svg DF Nicolas Tagliafico
60%
Marseille Olympique_Marseille_logo.svg DF Facundo Medina
40%
Marseille Olympique_Marseille_logo.svg DF Leonardo Balerdi
40%
Como Calcio_Como_-_logo_%28Italy%2C_2019-%29.svg FW Nico Paz
40%
Atletico Madrid Atletico_Madrid_Logo_2024.svg FW Thiago Almada
40%
Real Betis Real_betis_logo.svg MF Giovani Lo Celso
20%
River Plate Club_Atl%C3%A9tico_River_Plate_logo.svg DF Gonzalo Montiel
20%
Palmeiras SE_Palmeiras_2025_crest.png FW Jose Manuel Lopez
20%
Atletico Madrid Atletico_Madrid_Logo_2024.svg GK Juan Musso
20%
Boca Juniors Boca_Juniors_logo18.svg MF Leandro Paredes
20%
Atletico Madrid Atletico_Madrid_Logo_2024.svg FW Nicolas Gonzalez
20%
Strasbourg Racing_Club_de_Strasbourg_logo.svg MF Valentin Barco
20%
No matching quizzes found
Score Distribution
Percent of People with Each Score
Percentile by Number Answered
Your Score History
You have not taken this quiz